Views of India Across the World - Statistics

General Stats
  • This quiz has been taken 8 times
  • The average score is 17 of 23
Answer Stats
percentage country % Correct
52 Australia
100%
47 Canada
100%
47 Germany
100%
45 Indonesia
100%
55 Japan
100%
58 South Korea
100%
66 UK
100%
51 USA
100%
39 France
86%
33 Greece
86%
52 Italy
86%
46 Poland
86%
34 Spain
86%
42 Mexico
71%
46 Sweden
71%
33 Brazil
57%
34 Hungary
57%
41 Netherlands
57%
28 South Africa
57%
71 Israel
43%
22 Argentina
29%
60 Nigeria
29%
64 Kenya
14%
No matching quizzes found
Score Distribution
Percent of People with Each Score
Percentile by Number Answered
Your Score History
You have not taken this quiz